Shah Latif and the Modern World / (Record no. 534485)

000 -LEADER
fixed length control field 00352nam a22001337a 4500
003 - CONTROL NUMBER IDENTIFIER
control field NUST
038 ## - RECORD CONTENT LICENSOR
Staff Name waseem
082 ## - DEWEY DECIMAL CLASSIFICATION NUMBER
Classification number 891.411
Author Mark ANS
100 ## - MAIN ENTRY--PERSONAL NAME
Personal name Ansari, Muhammad Akram
9 (RLIN) 28644
245 ## - TITLE STATEMENT
Title Shah Latif and the Modern World /
Statement of responsibility, etc. Muhammad Akram Ansari
260 ## - PUBLICATION, DISTRIBUTION, ETC.
Place of publication, distribution, etc. Karachi :
Name of publisher, distributor, etc. Sindhi Language Authority,
Date of publication, distribution, etc. 2003.
300 ## - PHYSICAL DESCRIPTION
Extent 67 p.
942 ## - ADDED ENTRY ELEMENTS (KOHA)
Source of classification or shelving scheme
Koha item type Book
Holdings
Withdrawn status Lost status Source of classification or shelving scheme Damaged status Not for loan Permanent Location Current Location Shelving location Date acquired Source of acquisition Total Checkouts Full call number Barcode Date last seen Date last checked out Price effective from Koha item type
          Central Library (CL) Central Library (CL) Urdu Literature 02/27/2020 Donation 1 891.411 ANS CL-D-883 12/03/2024 11/24/2024 02/27/2020 Book
© 2023 Central Library, National University of Sciences and Technology. All Rights Reserved.